Harry Potter - Statistiques

Statistiques générales
  • Ce quiz a été pris 227 fois
  • Le résultat moyen est 31 sur 39
Statistiques - réponses
personnage, animaux et objet % Correct
Ron Weasley
100%
Harry Potter
99%
Harry potter
99%
Hermione Granger
99%
Hedwige
97%
Gryffondor
96%
Pattenrond
96%
Serpentard
96%
croutard
95%
Serdaigle
95%
Severus Rogue
95%
Poufsouffle
94%
Albus Dumbledore
93%
Minerva McGonagall
93%
Dolores Ombrage
91%
Dolores Ombrage
91%
Fred
87%
George
87%
Ginny
87%
Arthur
86%
Molly
86%
Percy
85%
Bill
84%
Charlie
83%
Nagini
83%
Rémus Lupin
83%
Pomona chourave
82%
Filius flitwick
81%
Gilderoy Lockhart
77%
Ronald
77%
Alastor Maugrey
75%
Quirinus Quirell
61%
Amycus Carrow
47%
le médaillon de Salazar Serpentard
45%
la coupe de Helga Poufsouffle
41%
le journal intime de Tom Jedusor
36%
la bague de Gaunt
32%
Rogue
30%
le diadème perdu de Rowena Serdaigle
11%
Aucun quiz correspondant
Distribution des résultats
% des personnes avec chaque résultat
Percentile par nombre de réponses
Votre historique - résultats
Vous n’avez pas pris ce quiz